<?xml version="1.0" encoding="UTF-8"?>
<record
    xmlns:xsi="http://www.w3.org/2001/XMLSchema-instance"
    xsi:schemaLocation="http://www.loc.gov/MARC21/slim http://www.loc.gov/standards/marcxml/schema/MARC21slim.xsd"
    xmlns="http://www.loc.gov/MARC21/slim">

  <leader>01924nam a2200337 a 4500</leader>
  <controlfield tag="003">DO-SdBNP</controlfield>
  <controlfield tag="005">20210811100413.0</controlfield>
  <controlfield tag="008">150112s2014    dr            000 0 spa d</controlfield>
  <datafield tag="020" ind1=" " ind2=" ">
    <subfield code="a">9789945412970</subfield>
  </datafield>
  <datafield tag="040" ind1=" " ind2=" ">
    <subfield code="a">DO-SdBNP</subfield>
    <subfield code="b">spa</subfield>
    <subfield code="c">BPMSU </subfield>
  </datafield>
  <datafield tag="082" ind1=" " ind2=" ">
    <subfield code="a">070.44</subfield>
    <subfield code="b">P925t 2014</subfield>
    <subfield code="2">22</subfield>
  </datafield>
  <datafield tag="111" ind1="2" ind2=" ">
    <subfield code="a">Premios FUNGLODE</subfield>
    <subfield code="d">(2013 :</subfield>
    <subfield code="c">Santo Domingo)</subfield>
  </datafield>
  <datafield tag="245" ind1="1" ind2="0">
    <subfield code="a">Transporte p&#xFA;blico :</subfield>
    <subfield code="b">y otros temas period&#xED;sticos /</subfield>
    <subfield code="c">Mariela Mej&#xED;a, Tania Molina, Leisy Torres, Felivia Mej&#xED;a, Mercedes Gonz&#xE1;lez, Nicanor Leyba.</subfield>
  </datafield>
  <datafield tag="260" ind1=" " ind2=" ">
    <subfield code="a">Santo Domingo :</subfield>
    <subfield code="b">FUNGLODE,</subfield>
    <subfield code="c">2014.</subfield>
  </datafield>
  <datafield tag="300" ind1=" " ind2=" ">
    <subfield code="a">120 p. ;</subfield>
    <subfield code="c">23 cm.</subfield>
  </datafield>
  <datafield tag="490" ind1="0" ind2=" ">
    <subfield code="a">Premios Funglode de Period&#xED;smo Rafael Herrera 2013</subfield>
  </datafield>
  <datafield tag="505" ind1="0" ind2=" ">
    <subfield code="g">Primer lugar :</subfield>
    <subfield code="t">Transporte p&#xFA;blico /</subfield>
    <subfield code="r">Mariela Mej&#xED;a y Tania Molina --</subfield>
    <subfield code="g">Segundo lugar :</subfield>
    <subfield code="t">Mafia del tr&#xE1;fico y la trata humana /</subfield>
    <subfield code="r">Leisy Torres --</subfield>
    <subfield code="g">Tercer lugar :</subfield>
    <subfield code="t">Madres enfrentan violencia y escollos judiciales al exigir manutenci&#xF3;n /</subfield>
    <subfield code="r">Felivia Mej&#xED;a</subfield>
    <subfield code="g">Menci&#xF3;n :</subfield>
    <subfield code="t">Ni&#xF1;os pedig&#xFC;e&#xF1;os no tienen dolientes /</subfield>
    <subfield code="r">Mercedes Gonz&#xE1;lez --</subfield>
    <subfield code="g">Menci&#xF3;n :</subfield>
    <subfield code="t">El b&#xE9;isbol, la loter&#xED;a de muchas familias dominicanas /</subfield>
    <subfield code="r">Nicanor Leyba --</subfield>
    <subfield code="g">Menci&#xF3;n : </subfield>
    <subfield code="t">Escuelas inclusivas. Realidad a medias en RD /</subfield>
    <subfield code="r">Tania Molina --</subfield>
  </datafield>
  <datafield tag="586" ind1=" " ind2=" ">
    <subfield code="a">Premio FUNGLODE de periodismo Rafael Herrera</subfield>
  </datafield>
  <datafield tag="650" ind1=" " ind2="4">
    <subfield code="a">Period&#xED;smo  	</subfield>
    <subfield code="z">Rep&#xFA;blica Dominicana</subfield>
    <subfield code="v">Concursos</subfield>
    <subfield code="b"> </subfield>
  </datafield>
  <datafield tag="650" ind1=" " ind2="4">
    <subfield code="a">Premios de periodismo</subfield>
    <subfield code="z">Rep&#xFA;blica Dominicana</subfield>
  </datafield>
  <datafield tag="700" ind1="1" ind2=" ">
    <subfield code="a">Mej&#xED;a, Mariela</subfield>
  </datafield>
  <datafield tag="700" ind1="1" ind2=" ">
    <subfield code="a">Molina, Tania</subfield>
  </datafield>
  <datafield tag="700" ind1="1" ind2=" ">
    <subfield code="a">Torres, Leisy</subfield>
    <subfield code="t">Mafia del tr&#xE1;fico y la trata humana </subfield>
  </datafield>
  <datafield tag="700" ind1="1" ind2=" ">
    <subfield code="a">Mej&#xED;a, Felivia</subfield>
    <subfield code="t">Madres enfrentan violencia y escollos judiciales al exigir manutenci&#xF3;n </subfield>
  </datafield>
  <datafield tag="700" ind1="1" ind2=" ">
    <subfield code="a">Gonz&#xE1;lez, Mercedes</subfield>
    <subfield code="t">Ni&#xF1;os pedig&#xFC;e&#xF1;os no tienen dolientes </subfield>
  </datafield>
  <datafield tag="700" ind1="1" ind2=" ">
    <subfield code="a">Leyba, Nicanor</subfield>
    <subfield code="t">El b&#xE9;isbol, la loter&#xED;a de muchas familias dominicanas </subfield>
  </datafield>
  <datafield tag="710" ind1="2" ind2=" ">
    <subfield code="a">Fundaci&#xF3;n Global Democrac&#xED;a y Desarrollo (Rep&#xFA;blica Dominicana)</subfield>
  </datafield>
  <datafield tag="830" ind1=" " ind2="0">
    <subfield code="a">Premios Funglode/GFDD 2013</subfield>
  </datafield>
  <datafield tag="910" ind1=" " ind2=" ">
    <subfield code="a">VMateo V.</subfield>
  </datafield>
  <datafield tag="942" ind1=" " ind2=" ">
    <subfield code="2">ddc</subfield>
    <subfield code="c">BK</subfield>
  </datafield>
  <datafield tag="952" ind1=" " ind2=" ">
    <subfield code="0">0</subfield>
    <subfield code="1">0</subfield>
    <subfield code="2">ddc</subfield>
    <subfield code="4">0</subfield>
    <subfield code="7">0</subfield>
    <subfield code="8">CD</subfield>
    <subfield code="a">BPMET</subfield>
    <subfield code="b">BPMET</subfield>
    <subfield code="d">2021-08-11</subfield>
    <subfield code="l">0</subfield>
    <subfield code="o">BPMSU CD 070.44 P925t 2014</subfield>
    <subfield code="p">BPMSU21080041</subfield>
    <subfield code="r">2021-08-11</subfield>
    <subfield code="w">2021-08-11</subfield>
    <subfield code="y">BK</subfield>
  </datafield>
  <datafield tag="999" ind1=" " ind2=" ">
    <subfield code="c">13647</subfield>
    <subfield code="d">13647</subfield>
  </datafield>
</record>
